Държавите в Европа (без карта) - Statistics

General Stats
  • This quiz has been taken 181 times
  • The average score is 38 of 45
Answer Stats
Country % Correct
bg България
98%
es Испания
96%
de Германия
94%
gr Гърция
93%
ro Румъния
93%
se Швеция
92%
be Белгия
90%
sk Словакия
90%
pt Португалия
89%
si Словения
89%
rs Сърбия
89%
at Австрия
88%
dk Дания
88%
lt Литва
88%
ch Швейцария
88%
al Албания
87%
it Италия
87%
no Норвегия
87%
fr Франция
87%
mk Северна Македония
86%
ua Украйна
86%
cz Чехия
86%
ru Русия
85%
fi Финландия
85%
lv Латвия
84%
va Ватикана
83%
ee Естония
83%
hu Унгария
83%
ba Босна и Херцеговина
82%
ie Ирландия
82%
md Молдова
82%
nl Нидерландия
82%
ad Андора
81%
gb Великобритания
81%
me Черна гора
81%
is Исландия
78%
xk Косово
78%
mt Малта
78%
pl Полша
78%
by Беларус
77%
lu Люксембург
77%
hr Хърватия
74%
li Лихтенщайн
72%
mc Монако
71%
sm Сан Марино
71%
No matching quizzes found
Score Distribution
Percent of People with Each Score
Percentile by Number Answered
Your Score History
You have not taken this quiz